Harry Potter - Killed by who? - Statistics

General Stats
  • This quiz has been taken 6,936 times
  • The average score is 14 of 29
Answer Stats
Hint Answer % Correct
James and Lily Potter Voldemort
100%
Moaning Myrtle Basilisk
78%
Sirius Black Bellatrix Lestrange
78%
Albus Dumbledore Severus Snape
78%
Quirinus Quirell Harry Potter
77%
Cedric Diggory Peter Pettigrew
73%
The Riddle family Voldemort
68%
Dobby Bellatrix Lestrange
66%
Barty Crouch Sr. Barty Crouch Jr.
65%
Voldemort Harry Potter
62%
12 Muggles in a street Peter Pettigrew
61%
Bellatrix Lestrange Molly Weasley
58%
Severus Snape Nagini
58%
Frank Bryce Voldemort
49%
Bertha Jorkins Voldemort
46%
Charity Burbage Voldemort
45%
Bathilda Bagshot Nagini
42%
Helena Ravenclaw Bloody Baron
41%
Pandora Lovegood Herself
35%
Lavender Brown Fenrir Greyback
34%
Peter Pettigrew Himself
34%
Alastor Moody Voldemort
30%
Bloody Baron Himself
29%
Hedwig Death Eater
28%
Regulus Black Inferi
27%
Cadmus Peverell Himself
20%
Kendra Dumbledore Ariana Dumbledore
18%
Binky A fox
14%
Evan Rosier Alastor Moody
10%
No matching quizzes found
Score Distribution
Percent of People with Each Score
Percentile by Number Answered
Your Score History
You have not taken this quiz